Derecho al olvido: la protección de datos personales como límite a las libertades informativas

Đã lưu trong:
Chi tiết về thư mục
Tác giả chính: Reusser Monsálvez, Carlos (Tác giả)
Định dạng: Sách
Ngôn ngữ:Tiếng Tây Ban Nha
Được phát hành: Santiago Der Ediciones Limitadas 2018
Phiên bản:1a. ed
Loạt:Ensayos Jurídicos
Những chủ đề:
Các nhãn: Thêm thẻ
Không có thẻ, Là người đầu tiên thẻ bản ghi này!

MARC

LEADER 00000cam a2200000 a 4500
001 UCC3426
003 CL-VaPUC
008 180511e20180000cl |||||||||||||||||spa|d
020 |a 9789569959165 
082 0 4 |a 342.830858  |b REU  |2 21 
100 0 |a Reusser Monsálvez, Carlos  |e author  |9 597406 
245 1 0 |a Derecho al olvido: la protección de datos personales como límite a las libertades informativas 
250 |a 1a. ed 
300 |a 178 p 
942 |c BK 
945 |d 20180511 10:48:00  |a dcastane 
260 |a Santiago  |b Der Ediciones Limitadas  |c 2018 
650 0 |a Protección de datos  |9 262446 
650 0 |a Derecho privado  |9 258243 
650 0 |a Jurisprudencia  |9 255952 
583 |a last modification  |c 20180511 10:48:00  |k Rodrigo Vera 
490 0 |a Ensayos Jurídicos 
999 |c 371128  |d 371126 
952 |0 0  |1 0  |3 erb  |4 0  |6 342_830858000000000_REU_2018  |7 0  |8 A  |9 488016  |a BIBDER  |b BIBDER  |i 5469562  |l 1  |m 3  |o 342.830858 REU 2018  |p 5469562  |r 2023-01-25  |s 2021-10-25  |w 2019-11-24  |y BK  |z Catalogado en:20180511  |k DER